| Registos Bibliográficos associados ao registo de autoridade |
|
Etiqueta de registo: 01868cac 22002531i 450 001 1217648 003 http://id.bnportugal.gov.pt/bib/catbnp/1217648 100 ## $a20020304d1838 m y0pory0103 ba 101 0# $aeng 102 ## $aFR$aGB 105 ## $ay z 000yy 106 ## $ar 200 1# $aIter Hispaniense or a synopsis of plants collected in the southern provinces of Spain
and in Portugal$eWith geographical remarks, and observations on rare and undescribed species$fby Philip Barker Webb 210 #9 $aParis$cBéthune and Plon ;$aLondon$cHenry Coxhead$d1838 215 ## $a80 p.$d21 cm 316 ## $aEncadernação meia de pele executada por Frederico de Almeida$5PTBN: D.S. XIX - 572 317 ## $aPert. António Alberto Marinho Duarte de Sousa$5PTBN: D.S. XIX - 572 481 #1 $10011217649$t O monopólio dado ás fabricas de moagem de cereaes a vapor e a liberdade de commercio
-soluções a crise agricola$cLisboa.Typographia Nacional,$d1889 481 #1 $1001736313$aCroft, John$t Um tratado sobre os vinhos de Portugal$c[S.l..s.n.],$d1940 481 #1 $1001764741$a--- CAMPO SEM TEXTO --- 481 #1 $10011217650$aInstituto de Educação e Psicologia da Universidade do Minho 481 #1 $10011217651$a929.52(=1.43)(469.121.14) 481 #1 $10011217652$a929Ferreira, Eduardo Dias 481 #1 $10011217653$t A educação agrícola primária do povo português$c[S.l..s.n.]$d1908 481 #1 $10011217654$aFigueiredo, Filipe Eduardo de Almeida, 1858-1930$t A physica agricola no Curso Agronomico - Florestal...$c[S.l..s.n.]$d1892 620 ## $dParis 700 #1 $aWebb$bPhilip Barker$f1783-1854$3831669 702 #1 $aSousa$bAntónio Alberto Marinho Duarte de$f1896-1950$4390$3933589 702 #1 $aAlmeida$bFrederico de$f1889-196?$4110$3272007 801 #0 $aPT$bBN$gRPC 801 #1 $aFR$bJOUVE 856 40 $uhttps://purl.pt/51315 856 41 $uhttps://purl.pt/51315/service/media/cover/low 856 49 $uhttps://purl.pt/51315/service/media/pdf$qapplication/pdf 958 ## $aBND$bLivre$cDigitalizado$d1$ehttps://purl.pt/51315/service/media/cover/max 966 ## $lBN$mFGMON$sS.A. 26564 P.$x0 966 ## $lBN$mRESIMP$sD.S. XIX - 572 995 ## $aPRR2024 $d20240625$idfontes
|
|
|